000 00479nam a2200181Ia 4500
005 20250508150523.0
008 008 250505s9999 xx 000 0 eng d
037 _aTextual
040 _aFEDL
_beng
_cFEDL
041 _aeng
_2eng
084 _a184, MOR
_qFEDL
100 _aMore Paul Elmer
_97448
245 0 _aPlatonism
260 _aPrinceton
_bPrinceton University Press
_c1931
300 _axi,317p
942 _cTEXL
_h184, MOR
999 _c1324041
_d1324041